Borel equivalence relations: structure and classification
Saved in:
| Hovedforfatter: | |
|---|---|
| Format: | Bog |
| Sprog: | engelsk |
| Udgivet: |
Providence
American Mathematical Society
2008
|
| Serier: | University Lecture Series, 44
|
| Fag: | |
| Tags: |
Tilføj Tag
Ingen Tags, Vær først til at tagge denne postø!
|
MARC
| LEADER | 00000cam a2200000 a 4500 | ||
|---|---|---|---|
| 001 | UCF5840 | ||
| 003 | CL-VaPUC | ||
| 008 | 130328e20080000US |||||||||||||||||eng|d | ||
| 020 | |a 9780821844533 | ||
| 082 | 0 | 4 | |a 511.322 |b KAN |2 21 |
| 100 | 0 | |a Kanovei, Vladimir |e author |9 567814 | |
| 245 | 1 | 0 | |a Borel equivalence relations: structure and classification |
| 300 | |a 240 p | ||
| 942 | |c BK | ||
| 945 | |d 20130328 00:00:00 |a dcastane | ||
| 260 | |a Providence |b American Mathematical Society |c 2008 | ||
| 650 | 0 | |a Teoría de conjuntos |9 265668 | |
| 650 | 0 | |a Lógica matemática |9 262442 | |
| 583 | |a last modification |c 20130328 10:53:00 |k Rodrigo Vera | ||
| 490 | 0 | |a University Lecture Series, 44 | |
| 999 | |c 351239 |d 351237 | ||
| 952 | |0 0 |1 0 |4 0 |6 511_322000000000000_KAN_2008 |7 0 |8 A |9 455239 |a BIBMAT |b BIBMAT |d 2019-11-22 |i 4959221 |o 511.322 KAN 2008 |p 4959221 |r 2025-01-07 |w 2019-11-22 |y BK |k MAT | ||